000
00303nam a2200133 a 4500
001
4144
005
20140414131932.0
008
090317s19uu xx 00 eng d
050
_a
REF 388
_b
H14 2002
100
_a
Hall, Margaret
245
_a
Transport.
440
_a
Around the world
999
_c
112283
_d
112283